U.S. Air Force aircraft nicknames - Statistics

General Stats
  • This quiz has been taken 577 times
  • The average score is 16 of 34
Answer Stats
Designation Answer % Correct
A-10 Warthog
96%
F-22 Raptor
87%
F-15 C/D Eagle
85%
B-2 Spirit
80%
C-130 Hercules
79%
F-35 Lightning/Joint strike fighter
78%
C-5 Galaxy
74%
B-1 Lancer
74%
B-52 Stratofortress
71%
F-16 Fighting falcon
69%
C-17 Globemaster
69%
F-15 E Strike eagle
60%
MQ-9 Reaper
58%
CV-22 Osprey
56%
KC-135 Stratotanker
54%
U-2 Dragon lady
53%
B-21 Raider
49%
UH-1 Huey/Iroquois
47%
E-3 Sentry
44%
T-38 Talon
42%
MQ-1 Predator
35%
KC-46 Pegasus
33%
KC-10 Extender
29%
AC-130 Spectre
28%
VC-25 Air force one
24%
RC-135W Rivet joint
23%
HH-60 Pave hawk
21%
EQ-4 Global hawk
20%
E-4 Nightwatch
15%
C-135 Stratolifter
15%
OC-135 Open skies
12%
UV-18 Twin Otter
9%
OA-1 Sky Warden
8%
WC-130 Hurricane hunter
7%
No matching quizzes found
Score Distribution
Percent of People with Each Score
Percentile by Number Answered
Your Score History
You have not taken this quiz